MDQL
is popping MORE tags! Check the
thread
!
Quizzes
Events
Quiz Creation
Community
Videos
Private Events
Remove Ads
Sign In
Join for FREE
Feedback
Dark Mode
Quiz Categories
Sports
Geography
Music
Movies
Television
Just For Fun
Miscellaneous
History
Literature
Language
Science
Gaming
Entertainment
Religion
Holiday
For Kids
Quiz Lab
Recent
Popular Today
Quiz Kudos Today
Editor Picks
Curator Picks
Quizzes by...
Day
Popularity
Type
Ratings
Length
Year
Community
Subscriptions
Recent Discussions
Orange Saloon
Badges
Playlists
Quests
Create
Leaderboards
Showdown
Live 5
Trivia Bingo
Activity
Puzzle Library
Sporcle Events
Private Events
Virtual Trivia
Globe League
Become a Host
Pub Owners
SporcleCon
Opinionation
Our Games
Videos
Blog
Mobile Apps
Partnerships
Remove Ads and Go Orange
Feedback
Television
TV Characters
TV Show
Sitcom
Network
Friends
Reality Shows
Cast
South Park
Star Trek
The Simpsons
Doctor Who
Television
TV Characters
TV Show
Sitcom
Network
Friends
Reality Shows
Cast
South Park
Star Trek
The Simpsons
Doctor Who
Random Quiz
Search Sporcle
×
Quiz Lab
Quiz Lab
Television
Animation
Type in answers that appear in a list
Type in answers that appear in a list
Classic
Best Score? Go Orange.
Saturday Morning Cartoons (Fall 1980) Stats
Can you name the 1980-81 Saturday Morning Cartoons lineup?
By
kbrown73
7m
21 Questions
427 Plays
427 Plays
427 Plays
Comments
Comments
Give Quiz Kudos
Give Quiz Kudos
-
- Ratings
hide this ad
Replay
Link that replays current quiz
Next Quiz
Link to next quiz in quiz playlist
You Got
0%
They Got
Avg Score
38%
Avg Friend Score
Upgrade to see
Score Distribution
Jump to the score distribution portion of the page
Score
0/21
Timer
07:00
0
Plays Today
Time (Network)
Cartoon
% Correct
9:00 AM (ABC)
Scooby and Scrappy-Doo
66.4%
9:00 AM (NBC)
Fred and Barney Meet the Shmoo
60.6%
8:30 AM (CBS)
The Tom and Jerry Comedy Show
58.7%
9:00 AM (CBS)
The Bugs Bunny/Road Runner Show
54.7%
8:00 AM (ABC)
Super Friends
51.4%
12:30 PM (NBC)
The Jetsons
51.2%
11:00 AM (NBC)
Batman and the Super 7
44.1%
12:30 PM (CBS)
The Tarzan/Lone Ranger Adventure Hour
43.7%
10:30 AM (CBS)
The All-New Popeye Hour
41.3%
8:00 AM (CBS)
The New Adventures of Mighty Mouse and Heckle & Jeckle
39%
Noon (CBS)
The New Fat Albert Show
38.7%
Time (Network)
Cartoon
% Correct
11:00 AM (ABC)
Heathcliff and Dingbat
38.3%
8:00 AM (NBC)
The Godzilla/Dynomutt Hour
32.9%
11:30 AM (ABC)
Plastic Man and Baby Plas
27%
12:30 PM (ABC)
American Bandstand
27%
10:30 AM (ABC)
Thundarr the Barbarian
26.3%
Noon (NBC)
Jonny Quest
23%
11:30 AM (CBS)
Drak Pack
21.8%
10:30 AM (NBC)
The Daffy Duck Show
20.9%
1:00 PM (CBS)
30 Minutes
16.2%
Noon (ABC)
ABC Weekend Special
16%
Quiz Playlist
Details
Report
Send in Message
Add To Playlist
Classic:
Type in answers that appear in a list
Quiz Source
Last Updated: Feb 16, 2017
Quiz Scoreboard
CHALLENGE
Sign Up to Join the Scoreboard
Show All
Scores
Hide
Comments
May contain spoilers
Recently Published
Holiday 10x10 Sorting Gallery
by lukepisani3
Holiday
15m
Two Season TV Shows II
by 123Four
Television
10m
Image Sorting: Flags VI
by Barbecue
Geography
2m
More to Explore
Quiz From the Vault
Featured Blog Post
14 Easter Pick-up Lines to Find Eggs With
hide this ad
You Might Also Like...
Tags
Animation Quiz
Cartoons Quiz
Network Quiz
1980s
fall
lineup
Morning
Saturday
Today's Top Quizzes in Television
Browse Television
hide this ad
Today's Top Quizzes in Animation
Browse Animation
Top Contributed Quizzes in Television
1
Survivor Journey Challenge
2
Even More Two Season TV Shows
3
Adjectives in 00s TV Shows
4
Even More Three Season TV Shows
5
Survivor Logic Puzzle: Heroes vs. Villains
6
Adjectives in 10s TV Shows
7
One Season TV Shows
8
One Piece Logic Puzzle
9
Brooklyn Nine Nine Logic Puzzle (How-To-Play)
10
Click the SpongeBob Episodes (Season 3)
Explore More
Trending Topics
Crossword
Disney
NBA
Anime
Harry Potter
Kpop
Marvel
Pokémon
Song
Soccer
The Office
Country
WWE
NFL
Puzzle
hide this ad
More By:
kbrown73
Quiz
Plays
Rating
Category
Featured
Created
Quick Pick: Red Sox 3+ World Series Wins
6,237
4.39
Just For Fun
Oct 31, 2013
NBA's Best Record, Failed to Win the Title
650
4.43
Sports
May 14, 2010
Saturday Morning Cartoons (Fall 1980)
427
4.33
Television
Apr 27, 2010
All About Aaron Sorkin
278
4.67
Television
Apr 26, 2010
Novel from the Antagonist
211
3.25
Literature
Apr 26, 2010
Go to Creator's Profile
Score Distribution
Quiz Creator Spotlight
kbrown73
Follow
Send a Message
Quizzes Created
-
Created Quiz Play Count
-
More By This Creator
Popular Quizzes Today
1
Find the US States - No Outlines Minefield
2
Colored Red Africa Blitz
3
Find the 'City' Movie
4
The Countries of the World
5
Find the US States
6
5x2 Blitz: Bands
7
Find the Countries of Europe - No Outlines Minefield
8
US States
More Television Quizzes
Breaking Bad Venn Diagram
Quiz Lab
Trending Quizzes
Colored Red Europe Blitz I
Colored Red Europe Blitz II
Colored Red Africa Blitz II
Colored Red Europe Blitz III
Colored Red Africa Blitz III
Recently Updated
Odd Team Out - Big 4 Players
pecheneg
Quick Pick: 20 Twenties
pecheneg
March Madness Men's Triple Doubles
pecheneg
How Do You Spell That?
pecheneg
Godzilla Movies
pecheneg
Grab Bag: 4-10 Letters
pecheneg
2024 March Madness Bracket
pecheneg
Famous TV Couples
Peacemaker
Champions League XIs: Real Madrid
pecheneg
Largest US Cities 1790-2010
pecheneg
Trending Topics
NBA
Anime
Marvel
Harry Potter
Kpop
Crossword
Disney
Pokémon
WWE
Song
Puzzle
Soccer
NFL
The Office
Country
Your Account Isn't Verified!
In order to create a playlist on Sporcle, you need to verify the email address you used during registration. Go to your
Sporcle Settings
to finish the process.
Report this User
Report this user for behavior that violates our
Community Guidelines
.
Details:
Send Report
Go to the Sporcle.com Mobile Site →
Comments